000 00516nam a2200145Ia 4500
008 100204s9999 xx 000 0 und d
082 _b19031
100 _aदेसाई श्रीकांत गं.
245 _aसार्थ उपनिशद भाग 1
260 _b"सुशिल प्रकाशन , मुंबई"
_c1996
300 _a132
630 _aसार्थ उपनिशद भाग 1
730 _aसार्थ उपनिशद भाग 1
942 _cBOOK
999 _c463454
_d463451